| 000 | 00293nam a2200097Ia 4500 | ||
|---|---|---|---|
| 008 | 230907s9999||||xx |||||||||||||| ||und|| | ||
| 082 |
_a621.4833 _bHOF |
||
| 245 | 0 | _aMaterials for nuclear plants : from safe design to residual life assessments | |
| 260 |
_aSpringer: _bLondon; _c2013 |
||
| 942 | _cBK | ||
| 999 |
_c597806 _d597806 |
||